000 00351nam a2200133Ia 4500
005 20260328101444.0
008 260328s9999||||xx |||||||||||||| ||und||
100 _aCastedo, Leopoldo
245 0 _aArte Precolombino y Colonial de la América Latina /
_cLeopoldo Castedo
260 _bSalvat/Alianza
300 _a169 p.
650 _aARTE
942 _cBK
999 _c8392
_d8392